ბათუმის შოთა რუსთაველის სახელმწიფო უნივერსიტეტის ბიბლიოთეკა

ხილ-ბოსტნეულის შრობის ტექნოლოგია და ტექნოლოგიური მოწყობილობა (ბიბ.ჩანაწერი № 51075)

000 -LEADER
fixed length control field 01367nam a2200265Ia 4500
001 - CONTROL NUMBER
control field 18032
003 - CONTROL NUMBER IDENTIFIER
control field GE_BSU
008 - FIXED-LENGTH DATA ELEMENTS--GENERAL INFORMATION
fixed length control field 181216s||||||||xx |||||||||||||| ||und||
020 ## - INTERNATIONAL STANDARD BOOK NUMBER
International Standard Book Number ISBN 978-9941-455-71-1
040 ## - CATALOGING SOURCE
Transcribing agency GE_BSU
080 ## - UNIVERSAL DECIMAL CLASSIFICATION NUMBER
Universal Decimal Classification number 631.563.2 + 664.844
100 ## - MAIN ENTRY--PERSONAL NAME
Personal name მიქაბერიძე, მალხაზი, ქეთევან კინწურაშვილი
245 ## - TITLE STATEMENT
Title ხილ-ბოსტნეულის შრობის ტექნოლოგია და ტექნოლოგიური მოწყობილობა
245 ## - TITLE STATEMENT
Remainder of title [სახელმძღვ.]
245 ## - TITLE STATEMENT
Statement of responsibility, etc. რედ. მაყვალა ფრუიძე
250 ## - EDITION STATEMENT
Edition statement საქ. განათლებისა და მეცნ. სამინ., აკაკი წერეთლის სახელმწ. უნ-ტი.
260 ## - PUBLICATION, DISTRIBUTION, ETC.
Place of publication, distribution, etc. ქუთაისი
260 ## - PUBLICATION, DISTRIBUTION, ETC.
Name of publisher, distributor, etc. აკაკი წერეთლის სახელმწ. უნ-ტის გამ-ბა
260 ## - PUBLICATION, DISTRIBUTION, ETC.
Date of publication, distribution, etc. 2014
300 ## - PHYSICAL DESCRIPTION
Extent 300 გვ; ნახ; 20 სმ.
300 ## - PHYSICAL DESCRIPTION
Other physical details დანართი: გვ. 247-289. - ბიბლიოგრ.: გვ. 290-294.
653 ## - INDEX TERM--UNCONTROLLED
Uncontrolled term სოფლის მეურნეობა
653 ## - INDEX TERM--UNCONTROLLED
Uncontrolled term ხილ-ბოსტნეულის შრობის ტექნოლოგია;
942 ## - ADDED ENTRY ELEMENTS (KOHA)
Koha item type წიგნი
ეგზემპლარები
Withdrawn status Lost status Damaged status Not for loan Date acquired Barcode Date last seen Price effective from Koha item type
        2018-12-17 41614 2018-12-17 2018-12-17 წიგნი